000 00907nam a2200229Ia 4500
999 _c50951
_d50951
001 17908
003 GE_BSU
005 20200228141611.0
008 181216s1960 xx |||||||||||||| ||geo||
040 _cGE_BSU
041 _ageo
080 _a821.353.1-1 შ-48
100 _aშენგელია, ა.
_97625
245 _aლექსები /
_cა. შენგელია ; რედ. ვ. ჯავახაძე ; მხატ. ა. სოხაშვილი
264 _aთბილისი :
_bსაბჭ. საქართველო,
_c1960.
300 _a77გვ. ;
_c19 სმ..
653 _aლექსები
653 _aქართული ლიტერატურა
700 _aჯავახაძე, ვ
_eრედაქტორი
_93758
700 _aსოხაშვილი, ა
_eმხატვარი
_97626
942 _cBK
_2udc